000 00799nam a2200301Ia 4500
001 15028
003 IT-RoPAU
008 130308s9999 xx 000 0 und d
040 _aIT-RoPAU
040 _cIT-RoPAU
041 _aFRANCESE
100 _aIbels H.-G.
100 _gCodice Aut. SPICS: 10504
245 _aCafè-Concert et la chanson (Le)
245 _bSpectacles a Travers Les Ages (Les)
250 _a1a ed.
260 _aPARIS
260 _bEditions Du Cygne
260 _c1931 [1° Ed.:1931 - Ed.Ling.Originale:1931]
300 _a"38 p. (prefazione: no ; testo: 38 [pagine: 289-326])"
500 _aCaffe' concerto e la Canzone
650 _aSTORIA DEL TEATRO
650 _eCodice materia Spics: 8408
942 _cBK
957 _71
999 _c61999
_d61999
999 _bSI
999 _g1